000 00711nam a2200253Ia 4500
003 OSt
005 20220918223937.0
006 a|||||r|||| 00| 0
007 ta
008 220917b |||||||| |||| 00| 0 eng d
024 _a225,873
037 _cTextual
040 _aARTS
_cARTS
_beng
041 _2eng
_aeng
082 _aP,3:4:(Y11), P0(RD)
100 _aBloom Paul
_9146920
245 0 _aHow children learn the meanings of words
260 _aLondon
_bA Bradford Book
_c2000
300 _axii, 300p.
_ccm.
490 _aLearning, development, and conceptual change
650 _aLINGUISTICS
942 _hP,3:4:(Y11), P0(RD)
_cTEXL
_2CC
999 _c279806
_d279806